000 00703nam a2200217 i 4500
001 46450
003 ES-MaACL
005 20230906161403.0
007 t|
008 030328s1968 sp ||||1| spa d
110 2 _aMovimiento Nacional (España).
_bDelegación Nacional de Prensa, Propaganda y Radio.
_95783
245 1 0 _aConfiguración institucional del Movimiento.
260 _aMadrid :
_bEdiciones del Movimiento,
_c1968.
300 _a159 p. ;
_c21 cm.
490 1 _aNuevo horizonte
651 4 _aEspaña-
_xHistoria-
_y1939-1975, Dictadura.
_9167928
710 2 _aEdiciones del Movimiento.
_9171800
830 1 _aNuevo horizonte
_9181183
852 _aES-MaACL
_jC-84196
999 _c46450
_d46450